000 00309nam a2200133 i 4500
001 bg
100 1 _aMASŁOWSKI, A.
245 0 _aDynamika układów technicznych. /
_cA. Masłowski.
260 _aKielce,
_c1989.
040 _cBPK
041 _apol
942 _cKS
008 s pl f |000 0 pol
999 _c4004
_d4004
856 _uhttp://koha.tu.koszalin.pl/cgi-bin/koha/opac-detail.pl?biblionumber=4004
_yKatalog online BPK